| 000 | 00913cam a2200217 4500 | ||
|---|---|---|---|
| 001 | 763754 | ||
| 005 | 20250207081652.0 | ||
| 008 | 690402s1969 dcu b 000 0 eng | ||
| 050 | 0 | 0 |
_aRC439 _b.J585 |
| 082 | 0 | 0 | _a362.2 |
| 110 | 2 | _aJoint Information Service of the American Psychiatric Association and the National Association for Mental Health. | |
| 245 | 1 | 0 |
_aPartial hospitalization for the mentally ill; _ba study of programs and problems _c[by] Raymond M. Glasscote [and others] |
| 260 |
_aWashington, _c1969. |
||
| 300 |
_axi, 187 p. _c23 cm. |
||
| 500 | _a"This book results from an investigation carried out as a joint undertaking of the Joint Information Service and the National Institute of Mental Health." | ||
| 650 | 0 |
_aMentally ill _xCare. |
|
| 650 | 0 | _aPartial hospitalization. | |
| 700 | 1 | _aGlasscote, Raymond M. | |
| 710 | 2 | _aNational Institute of Mental Health (U.S.) | |
| 942 |
_2lcc _cBK _n0 |
||
| 999 |
_c3538 _d3538 |
||